Central Library OPAC University of Rajshahi

King Richard II / (Record no. 19320)

MARC details
000 -LEADER
fixed length control field 00978nam a2200265 a 4500
001 - CONTROL NUMBER
control field 19320
003 - CONTROL NUMBER IDENTIFIER
rucl marc code BD-RjUL
005 - DATE AND TIME OF LATEST TRANSACTION
control field 20211209000421.0
008 - FIXED-LENGTH DATA ELEMENTS--GENERAL INFORMATION
fixed length control field 140224r19611939enka 000 0 eng
035 ## - SYSTEM CONTROL NUMBER
System control number (BD-RjUL)19379
040 ## - CATALOGING SOURCE
Original cataloging agency DLC
Transcribing agency FHM
Modifying agency FHM
-- EQO
-- BD-RjUL
Language of cataloging eng
041 ## - LANGUAGE CODE
Language code of text/sound track or separate title eng
082 ## - DEWEY DECIMAL CLASSIFICATION NUMBER
Classification number 822.33
Author mark and year SHK 1961
100 1# - MAIN ENTRY--PERSONAL NAME
Personal name Shakespeare, William
Dates associated with a name 1564-1616.
9 (RLIN) 59422
245 10 - TITLE STATEMENT
Title King Richard II /
Statement of responsibility, etc. William Shakespeare; edited by John Dover Wilson.
260 ## - PUBLICATION, DISTRIBUTION, ETC. (IMPRINT)
Place of publication, distribution, etc. Cambridge :
Name of publisher, distributor, etc. University Press,
Date of publication, distribution, etc. 1939,[Reprinted 1951,1961]
300 ## - PHYSICAL DESCRIPTION
Pagination xcii, 250 p. :
Illustrations front ;
Size 18 cm.
490 1# - SERIES STATEMENT
Series statement The works of Shakespeare edited for the Syndics of the Cambridge University Press by John Dover Wilson
500 ## - GENERAL NOTE
General note With facsimile of title-page of the quarto of 1597.
650 #0 - SUBJECT ADDED ENTRY--TOPICAL TERM
Topical term or geographic name as entry element Richard -- II, -- King of England,
Form subdivision 1367-1400 -- Drama.
9 (RLIN) 59423
700 1# - ADDED ENTRY--PERSONAL NAME
Personal name Wilson, John Dover,
Dates associated with a name 1881-1969.
942 ## - ADDED ENTRY ELEMENTS (KOHA)
Source of classification or shelving scheme Dewey Decimal Classification
Koha item type Books
Holdings
Lost status Source of classification or shelving scheme Damaged status Not for loan Collection code Permanent Location Current Location Shelving location Date acquired Source of acquisition Cost, normal purchase price Total Checkouts Full call number Date last seen Copy number Koha item type
  Dewey Decimal Classification   Not For Loan Fiction Central Library, University of Rajshahi Central Library, University of Rajshahi Reading Room 14/02/1956 A. B. C. 12.30   822.33 SHK 1851 24/02/2014 C-1 Books
  Dewey Decimal Classification     Fiction Central Library, University of Rajshahi Central Library, University of Rajshahi   19/02/1963 Zeitlinger 25.00   822.33 SHK 1961 17/12/2020 C-2 Books
  Dewey Decimal Classification     Fiction Central Library, University of Rajshahi Central Library, University of Rajshahi   19/02/1963 Zeitlinger     822.33 SHK 1961 17/12/2020 C-3 Books